<?xml version="1.0" encoding="UTF-8"?>
<record
    xmlns:xsi="http://www.w3.org/2001/XMLSchema-instance"
    xsi:schemaLocation="http://www.loc.gov/MARC21/slim http://www.loc.gov/standards/marcxml/schema/MARC21slim.xsd"
    xmlns="http://www.loc.gov/MARC21/slim">

  <leader>00656nam a2200169Ia 4500</leader>
  <controlfield tag="008">090201s9999    xx            000 0 und d</controlfield>
  <datafield tag="010" ind1=" " ind2=" ">
    <subfield code="a">KPL-19048</subfield>
  </datafield>
  <datafield tag="040" ind1=" " ind2=" ">
    <subfield code="b">&#x92E;&#x930;&#x93E;&#x920;&#x940;</subfield>
  </datafield>
  <datafield tag="041" ind1=" " ind2=" ">
    <subfield code="a">&#x92E;&#x930;&#x93E;&#x920;&#x940;</subfield>
  </datafield>
  <datafield tag="082" ind1=" " ind2=" ">
    <subfield code="a">10278</subfield>
    <subfield code="b">19048</subfield>
  </datafield>
  <datafield tag="100" ind1=" " ind2=" ">
    <subfield code="a">&#x92D;&#x940;&#x92E;&#x930;&#x93E;&#x935;  &#x915;&#x941;&#x932;&#x915;&#x930;&#x94D;&#x923;&#x940;</subfield>
  </datafield>
  <datafield tag="245" ind1=" " ind2=" ">
    <subfield code="a">&#x938;&#x93E;&#x939;&#x93F;&#x924;&#x94D;&#x92F; &#x906;&#x923;&#x93F; &#x928;&#x93E;&#x91F;&#x92F; &#x915;&#x93E;&#x939;&#x940; &#x938;&#x92E;&#x938;&#x94D;&#x92F;&#x93E;</subfield>
    <subfield code="c">&#x92D;&#x940;&#x92E;&#x930;&#x93E;&#x935;  &#x915;&#x941;&#x932;&#x915;&#x930;&#x94D;&#x923;&#x940;</subfield>
  </datafield>
  <datafield tag="260" ind1=" " ind2=" ">
    <subfield code="c">2004</subfield>
    <subfield code="b">"&#x91C;&#x94B;&#x936;&#x940;, &#x932;&#x94B;&#x916;&#x902;&#x921;&#x947; &#x92A;&#x94D;&#x930;&#x915;&#x93E;&#x936;&#x928;"</subfield>
  </datafield>
  <datafield tag="300" ind1=" " ind2=" ">
    <subfield code="a">341</subfield>
    <subfield code="b">&#x92E;&#x94B;&#x920;&#x93E;</subfield>
  </datafield>
  <datafield tag="600" ind1=" " ind2=" ">
    <subfield code="a">&#x938;&#x93E;&#x939;&#x93F;&#x924;&#x94D;&#x92F; &#x906;&#x923;&#x93F; &#x928;&#x93E;&#x91F;&#x92F; &#x915;&#x93E;&#x939;&#x940; &#x938;&#x92E;&#x938;&#x94D;&#x92F;&#x93E;</subfield>
  </datafield>
  <datafield tag="942" ind1=" " ind2=" ">
    <subfield code="c">BOOK</subfield>
  </datafield>
  <datafield tag="999" ind1=" " ind2=" ">
    <subfield code="c">210744</subfield>
    <subfield code="d">210744</subfield>
  </datafield>
  <datafield tag="952" ind1=" " ind2=" ">
    <subfield code="0">0</subfield>
    <subfield code="1">0</subfield>
    <subfield code="4">0</subfield>
    <subfield code="7">0</subfield>
    <subfield code="a">KALYANPL</subfield>
    <subfield code="b">KALYANPL</subfield>
    <subfield code="d">0000-00-00</subfield>
    <subfield code="g">25.00</subfield>
    <subfield code="l">0</subfield>
    <subfield code="p">KPL-19048</subfield>
    <subfield code="r">2009-02-01 00:00:00</subfield>
    <subfield code="t">1</subfield>
    <subfield code="v">25.00</subfield>
    <subfield code="w">2009-02-01</subfield>
    <subfield code="y">BOOK</subfield>
  </datafield>
</record>
